000 01144nam0a2200253 4500
001 RU\NLR\ONL1\5453
005 20260406141644.0
035 _a(NLR Aleph) 009634204
090 _a9513127
_c9513127
100 _a20050512d1930 |||y0rusy50 ca
101 1 _achm
_crus
102 _aRU
105 _ay |||||||||
200 1 _aСвердлов лу|мэш мочмо комунивэрситэтыштэ тунэмшэ-влаклын йодмыштлан Сталин йолташын умылтармыжэ
_e(Йошкар Кече № 21 №-ан газэт гыч)
210 _a[Йошкар-Ола]
_cМариздатын лукмыжо
_d1930
215 _a16 с.
_d13
541 1 _aОтветы т. Сталина на вопросы студентов коммунистического университета им. Свердлова
_zrus
700 1 _4070
_7ca
_8rus
_aСталин
_bИ. В.
_f1879-1953
_gИосиф Виссарионович
_9113460
_3RU\NLR\auth\773464
801 0 _aRU
_bNLR
_c20050512
_gPSBO
852 _aNLR
_bОНЛ
_jМар.л./1-276
942 _cBOOK
980 _aNB